Doctor Who Characters - Statistics

General Stats
  • This quiz has been taken 89 times
  • The average score is 66 of 157
Answer Stats
Hint Answer % Correct
9 & 10 Rose Tyler
87%
Robot Creature The Daleks
84%
10 & 14 Donna Noble
82%
11 Amy Pond
79%
11 & 12 Clara Oswald
79%
3 & 4 Sarah Jane Smith
79%
9, 10, 13 Captain Jack Harkness
76%
10 Mickey Smith
76%
11 Rory Williams
76%
Robot Humans The Cybermen
76%
1963-1966 First Doctor
74%
10 Martha Jones
74%
2005 Ninth Doctor
74%
1966-1969 Second Doctor
74%
2005-2010 Tenth Doctor
74%
1970-1974 Third Doctor
74%
2013 War Doctor
74%
2010-2013 Eleventh Doctor
71%
1981-1984 Fifth Doctor
71%
1974-1981 Fourth Doctor
71%
3 Jo Grant
71%
1987-1989 Seventh Doctor
71%
1984-1986 Sixth Doctor
71%
1996 Eighth Doctor
68%
1 Sara Kingdom
68%
The Master, 2007-2010, 2017 Simm Master/Harold Saxon
68%
12 Bill Potts
66%
^Creator Davros
66%
13 Graham O'Brien
66%
10, 11, 12 River Song
66%
2017-2022 Thirteenth Doctor
66%
2013-2017 Twelfth Doctor
66%
13 Yasmin Khan
66%
2023 Fourteenth Doctor
63%
1 Susan Foreman
63%
7 Ace McShane
61%
The Master, 2014-2017 Missy
61%
4 & 5 Adric
58%
2023- Fifteenth Doctor
58%
1 Ian Chesterton
58%
2 Jamie Mccrimmon
58%
6 & 7 Melanie Bush
58%
15 Ruby Sunday
58%
1 Barbara Wright
55%
4 Harry Sullivan
55%
12 Nardole
55%
4 Romanadvoratrelundar
55%
4 & 5 Tegan Jovanka
55%
Alien, Blink, etc. Weeping Angels
55%
1 & 2 Ben Jackson
53%
5 & 6 Perpugilliam Brown
53%
Rogue Time Lord The Rani
53%
13 Dan Lewis
50%
4 K9
50%
4 & 5 Nyssa
50%
Lord President Rassilon
50%
2022 Fugitive Doctor
47%
8 Grace Holloway
47%
4 Leela
47%
3 Liz Shaw
47%
1 & 2 Polly
47%
13 Ryan Sinclair
47%
Alien, Aliens of London/WWIII, Boom Town Slitheen
47%
9 Adam Mitchell
45%
Alien, Rose Autons
45%
"Human", The End of the World Cassandra
45%
The Master, 2007 Professor Yana/War Master
45%
Alien, The Poison Sky, etc. Sontarans
45%
Alien, The Day of the Doctor The Zygons
45%
1 Dodo Chaplet
42%
11 & 12 Jenny Flint
42%
Alien, The Impossible Planet/The Satan Pit, etc. Ood
42%
1 Steven Taylor
42%
11 & 12 Strax
42%
Alien, The Snowmen, The Name of the Doctor, etc. The Great Intelligence
42%
Alien, The Christmas Invasion The Sycorax
42%
Evil Doc 2 The Valeyard
42%
2 Victoria Waterfield
42%
10 Wilfred Mott
42%
2 Zoe Heriot
42%
The Master, 1971-1973 Delgado Master
39%
Alien, Smith and Jones, etc. Judoon
39%
1 Katarina
39%
2008 Metacrisis Doctor
39%
Alien, Cold War/Empress of Mars The Ice Warriors
39%
The Master, 1981-1989 Tremas Master
39%
1 Vicki
39%
11 & 12 Madame Vastra
37%
Alien, The Eleventh Hour Prisoner Zero
37%
5 Vislor Turlough
37%
Alien, Love and Monsters Abzorbaloff
34%
Alien, The Shakespeare Code Carrionites
34%
Humans, Utopia Futurekind
34%
Evil Doc 1 The Dream Lord
34%
Earth-lien, Water-inhabiting relatives of above The Sea Devils
34%
Earth-lien, The Hungry Earth/Cold Blood The Silurians
34%
Alien, The Doctor's Daughter Hath
32%
Alien, The Impossible Planet/Day of the Moon, etc. The Silents
32%
Alien, The Idiot's Lantern The Wire
32%
Alien, Silence in the Library/Forest of the Dead Vashta Nerada
32%
The Master, 1976/1981 Decayed Master
29%
5 Kamelion
29%
Alien, School Reunion Krillitanes
29%
Alien, Gridlock (the crab guys) Macra
29%
Alien, Midnight Midnight Entity
29%
Rogue Time Lord Omega
29%
Alien, The Snowmen Snowmen
29%
Human, Dinosaurs on a Spaceship Solomon
29%
Alien, The Unquiet Dead The Gelth
29%
Alien, The God Complex The Minotaur
29%
"Humans", Last of the Time Lords The Toclafane
29%
The Master, 2020-2022 Dhawan Master
26%
Alien, The Runaway Bride Racnoss
26%
The Master, 1996 Roberts Master
26%
Alien, Empire of Death Sutekh
26%
Rogue Time Lord The Monk
26%
Alien, Turn Left Time Beetle
26%
Alien, The Unicorn and the Wasp Vespiform
26%
Part Human, Tooth and Claw Werewolf
26%
Alien, Partners in Crime Adipose
24%
Alien, The Crimson Horror Mister Sweet
24%
Alien, The Fires of Pompeii Pyrovile
24%
Alien, Father's Day Reapers
24%
Alien, The Impossible Planet/The Satan Pit The Beast
24%
Humans, The Waters of Mars The Flood
24%
Cyborg, A Town Called Mercy The Gunslinger
24%
Part Humans, The Rebel Flesh Gangers
21%
Alien Planet, The Doctor's Wife House
21%
Robot, Let's Kill Htler Teselecta
21%
Alien, The Eleventh Hour The Atraxi
21%
2D Humans, Flatline The Boneless
21%
Alien, Mummy on the Orient Express The Foretold
21%
11 Craig Owens
18%
Humanoid, Family of Blood Daughter of Mine
18%
Humanoid, Family of Blood Father of Mine
18%
Humans, The Empty Child Gas-Mask Zombies
18%
Cyborg, Voyage of the Damned Max Capricorn
18%
Humanoid, Family of Blood Mother of Mine
18%
Humanoid, Family of Blood Son of Mine
18%
Robot, The Girl Who Waited Handbots
16%
Rogue Time Lord Morbius
16%
Alien, Time Heist The Teller
16%
Humans, Journey to the Centre of the TARDIS Time Zombies
16%
Rogue Time Lord The Corsair
13%
Alien, The Long Game The Jagrafess
13%
Alien, The Power of Three The Shakri
13%
Robot, The Caretaker The Skovox Blitzer
13%
Alien, New Earth Catkind
11%
Alien, Last Christmas Dream Crabs
11%
Alien, Fear Her Isolus
11%
Alien, Vincent and the Doctor Krafayis
11%
Robot, The Bells of St. John Spoonheads
11%
Rogue Time Lord The War Chief
11%
Alien, The Name of The Doctor The Whisper Men
11%
Alien, Vampires of Venice Saturnynes
8%
Robot, The Christmas Invasion Roboforms
5%
Mutated Human, The Lazarus Experiment Lazarus Creature
3%
No matching quizzes found
Score Distribution
Percent of People with Each Score
Percentile by Number Answered
Your Score History
You have not taken this quiz